|
|
|
|
| LEADER |
01006nam a22002417a 4500 |
| 001 |
30592 |
| 003 |
BD-DhAAL |
| 005 |
20241121102556.0 |
| 008 |
160103s1992 bg ||||| |||| 00| 0 eng d |
| 040 |
|
|
|a BD-DhAAL
|c BD-DhAAL
|
| 082 |
|
|
|2 22
|a 307.1412095492
|
| 245 |
|
|
|a Basic education for human development :
|b a programme for expansion of non formal primary education 1993-1995,
|g version : June 7, 1992.
|
| 260 |
|
|
|a Dhaka :
|b BRAC
|
| 300 |
|
|
|a 77 pages :
|b illustrations ;
|c 30 cm.
|
| 526 |
|
|
|a AAL
|
| 541 |
|
|
|a Complimentary copy from BRAC
|e 30592
|
| 610 |
|
|
|a BRAC
|9 17158
|
| 650 |
|
|
|a Rural development
|z Bangladesh.
|9 17159
|
| 710 |
|
|
|a BRAC
|9 17158
|
| 852 |
|
|
|a Ayesha Abed Library
|c BRAC Resource Section
|
| 942 |
|
|
|2 ddc
|c BK
|
| 999 |
|
|
|c 36538
|d 36538
|
| 952 |
|
|
|0 0
|1 0
|2 ddc
|4 0
|6 307_141209549200000_BAS
|7 1
|8 RPT
|9 57485
|a BRACUL
|b BRACUL
|c BRS
|d 2016-01-03
|e Complimentary copy from BRAC
|l 0
|o 307.1412095492 BAS
|p 3010030592
|r 2016-01-03
|t 1
|w 2016-01-03
|y BK
|x Complimentary copy from BRAC; Price not available in register.
|